000 00412pab a2200157 454500
008 180718b2003 xxu||||| |||| 00| 0 eng d
100 _aMukherjee, Dhurjati
245 _aInformation technology scripting India's success
260 _c2003
300 _ap.8-9.
362 _a20 Dec
650 _aInformation technology - India
650 _aInformation technology
773 _aYoung Indian
909 _a59021
999 _c59021
_d59021